000 00641nam a2200229Ia 4500
003 OSt
005 20220918191952.0
006 a|||||r|||| 00| 0
007 ta
008 220917b |||||||| |||| 00| 0 eng d
024 _a66,254
037 _cTextual
040 _aARTS
_cARTS
_beng
041 _2eng
_aeng
082 _aR3xC57<-C371, J6
100 _aSmith T V ed
_975800
245 0 _aPhilosophers speak for themselves
_b from Thales to Plato
260 _aChicago
_bUniv of Chicago Press
_c1956
300 _a398p+10p
_ccm.
942 _hR3xC57<-C371, J6
_cTEXL
_2CC
999 _c192488
_d192488